00000000nam 2200000za 4500
0019.590240
003CaOODSP
00520221107134113
007cr |||||||||||
008150406s1990    onc|||||o    f00| 0 fre d
020 |a978-0-660-67488-9
040 |aCaOODSP|bfre
041 |aeng
041 |afre
043 |an-cn---
0861 |aM86-13/1990-PDF
24500|aGazetteer of Canada. |pPrince Edward Island |h[ressource électronique] = |bRépertoire géographique du Canada. Île-du-Prince-Édouard / |cpublié pour le Comité permanent canadien des noms géographiques par la Division des services de géographie, Centre canadien de cartographie, Ministère de l'Énergie, Mines et Ressources Canada.
250 |a3e édition.
260 |aOttawa : |bCentre canadien de cartographie,|c1990.
300 |a65p.|bcartes, tableaux
500 |a«Numérisé par Éditions et Services de dépôt, Travaux publics et Services gouvernementaux Canada - 2014»
546 |aTexte en français et en Anglais.
590 |a14-18-Supp|b2014-10-15
7101 |aCanada.|bRessources naturelles Canada. |bComité permanent canadien des noms géographiques.
791 |tGazetteer of Canada.|eeng|w(CaOODSP)9.590239
85640|ahttp://publications.gc.ca|qPDF|s6.04 Mo|uhttps://publications.gc.ca/collections/collection_2014/rncan-nrcan/M86-13-1990.pdf